Countries with the most goats - Statistics

General Stats
  • This quiz has been taken 22 times
  • The average score is 17 of 26
Answer Stats
# goats Answer % Correct
129 million China
92%
154 million India
92%
19.7 million Indonesia
77%
8.9 million Mexico
77%
84.7 million Pakistan
77%
53.6 million Ethiopia
69%
18.4 million Iran
69%
11.5 million Somalia
69%
16.1 million South sudan
69%
31.4 million Sudan
69%
26.9 million Bangladesh
62%
12.9 million Brazil
62%
49.3 million Chad
62%
9.3 million Ghana
62%
35 million Kenya
62%
19.6 million Niger
62%
89.3 million Nigeria
62%
37.6 million Tanzania
62%
10.3 million Turkey
62%
17.5 million Uganda
62%
10.8 million Burkina faso
54%
32.2 million Mali
54%
24.6 million Mongolia
54%
14.5 million Nepal
54%
10.1 million Yemen
54%
12.6 million Malawi
31%
No matching quizzes found
Score Distribution
Percent of People with Each Score
Percentile by Number Answered
Your Score History
You have not taken this quiz